000 00546pab a2200169 454500
008 180718b2013 xxu||||| |||| 00| 0 eng d
100 _aCallender, Claire
245 _aStudent perceptions of the impact of bursaries and institutional aid on their higher education choices and the implications for the national scholarship programme in England
260 _c2013
300 _ap.281-308.
362 _aApr
650 _aHigher education
700 _aWilkinson, David
773 _aJournal of Social Policy
908 _aN
909 _a99059
999 _c99058
_d99058